<?xml version="1.0" encoding="UTF-8"?>
<collection xmlns="http://www.loc.gov/MARC21/slim">
 <record>
  <leader>06268cam a2201141 c 4500</leader>
  <controlfield tag="001">654289050</controlfield>
  <controlfield tag="003">DE-627</controlfield>
  <controlfield tag="005">20260616222848.0</controlfield>
  <controlfield tag="007">tu</controlfield>
  <controlfield tag="008">110316s2011    gw ||||| c    00| ||ger c</controlfield>
  <datafield tag="015" ind1=" " ind2=" ">
   <subfield code="a">11,N11</subfield>
   <subfield code="2">dnb</subfield>
  </datafield>
  <datafield tag="015" ind1=" " ind2=" ">
   <subfield code="a">11,A46</subfield>
   <subfield code="2">dnb</subfield>
  </datafield>
  <datafield tag="016" ind1="7" ind2=" ">
   <subfield code="a">1010500643</subfield>
   <subfield code="2">DE-101</subfield>
  </datafield>
  <datafield tag="020" ind1=" " ind2=" ">
   <subfield code="a">9783775729871</subfield>
   <subfield code="q">Englisch</subfield>
   <subfield code="9">978-3-7757-2987-1</subfield>
  </datafield>
  <datafield tag="020" ind1=" " ind2=" ">
   <subfield code="a">3775729844</subfield>
   <subfield code="q">Gb. : EUR 39.80 (DE), EUR 40.90 (AT), sfr 56.90 (freier Pr.)*Museumsausg.</subfield>
   <subfield code="9">3-7757-2984-4</subfield>
  </datafield>
  <datafield tag="020" ind1=" " ind2=" ">
   <subfield code="a">9783775729840</subfield>
   <subfield code="q"> : Gb. : EUR 39.80 (DE), EUR 40.90 (AT), sfr 56.90 (freier Pr.)*Museumsausg.</subfield>
   <subfield code="9">978-3-7757-2984-0</subfield>
  </datafield>
  <datafield tag="020" ind1=" " ind2=" ">
   <subfield code="a">9783941399013</subfield>
   <subfield code="9">978-3-941399-01-3</subfield>
  </datafield>
  <datafield tag="024" ind1="3" ind2=" ">
   <subfield code="a">9783775729840</subfield>
  </datafield>
  <datafield tag="028" ind1="5" ind2="2">
   <subfield code="a">317/02984</subfield>
  </datafield>
  <datafield tag="035" ind1=" " ind2=" ">
   <subfield code="a">(DE-627)654289050</subfield>
  </datafield>
  <datafield tag="035" ind1=" " ind2=" ">
   <subfield code="a">(DE-603)277327571</subfield>
  </datafield>
  <datafield tag="035" ind1=" " ind2=" ">
   <subfield code="a">(DE-576)345552113</subfield>
  </datafield>
  <datafield tag="035" ind1=" " ind2=" ">
   <subfield code="a">(DE-599)DNB1010500643</subfield>
  </datafield>
  <datafield tag="035" ind1=" " ind2=" ">
   <subfield code="a">(OCoLC)725003852</subfield>
  </datafield>
  <datafield tag="035" ind1=" " ind2=" ">
   <subfield code="a">(OCoLC)740906973</subfield>
  </datafield>
  <datafield tag="035" ind1=" " ind2=" ">
   <subfield code="a">(OCoLC)759855995</subfield>
  </datafield>
  <datafield tag="035" ind1=" " ind2=" ">
   <subfield code="a">(OCoLC)725003852</subfield>
  </datafield>
  <datafield tag="035" ind1=" " ind2=" ">
   <subfield code="a">(OCoLC)814524125</subfield>
  </datafield>
  <datafield tag="040" ind1=" " ind2=" ">
   <subfield code="a">DE-627</subfield>
   <subfield code="b">ger</subfield>
   <subfield code="c">DE-627</subfield>
   <subfield code="e">rakwb</subfield>
  </datafield>
  <datafield tag="041" ind1=" " ind2=" ">
   <subfield code="a">ger</subfield>
  </datafield>
  <datafield tag="044" ind1=" " ind2=" ">
   <subfield code="c">XA-DE-BW</subfield>
  </datafield>
  <datafield tag="082" ind1="0" ind2=" ">
   <subfield code="a">700</subfield>
   <subfield code="q">SEPA</subfield>
  </datafield>
  <datafield tag="082" ind1="0" ind2=" ">
   <subfield code="a">750</subfield>
   <subfield code="q">SEPA</subfield>
  </datafield>
  <datafield tag="082" ind1="0" ind2="4">
   <subfield code="a">750</subfield>
   <subfield code="q">DNB</subfield>
  </datafield>
  <datafield tag="084" ind1=" " ind2=" ">
   <subfield code="a">9,10</subfield>
   <subfield code="2">ssgn</subfield>
  </datafield>
  <datafield tag="084" ind1=" " ind2=" ">
   <subfield code="a">LI 14300</subfield>
   <subfield code="2">rvk</subfield>
   <subfield code="0">(DE-625)rvk/95559:13278</subfield>
  </datafield>
  <datafield tag="084" ind1=" " ind2=" ">
   <subfield code="a">20.31</subfield>
   <subfield code="2">bkl</subfield>
  </datafield>
  <datafield tag="084" ind1=" " ind2=" ">
   <subfield code="a">21.02</subfield>
   <subfield code="2">bkl</subfield>
  </datafield>
  <datafield tag="245" ind1="0" ind2="0">
   <subfield code="a">Beckmann &amp; Amerika</subfield>
   <subfield code="b">[auf Initiative des Kulturfonds Frankfurt Rheinmain im Rahmen des Projektes &quot;Phänomen Expressionismus&quot; ; anlässlich der Ausstellung Beckmann &amp; Amerika, Städel-Museum, Frankfurt am Main, 7. Oktober 2011 bis 8. Januar 2012]</subfield>
   <subfield code="c">hrsg. von Jutta Schütt. Mit Beitr. von David Anfam ... [Übers. Stefan Ripplinger]</subfield>
  </datafield>
  <datafield tag="246" ind1="3" ind2="3">
   <subfield code="a">Beckmann und Amerika</subfield>
  </datafield>
  <datafield tag="264" ind1=" " ind2="1">
   <subfield code="a">Ostfildern</subfield>
   <subfield code="b">Hatje Cantz</subfield>
   <subfield code="c">2011</subfield>
  </datafield>
  <datafield tag="300" ind1=" " ind2=" ">
   <subfield code="a">280 S.</subfield>
   <subfield code="b">zahlr. Ill., Kt.</subfield>
   <subfield code="c">28 x 23 cm, 10 g</subfield>
  </datafield>
  <datafield tag="336" ind1=" " ind2=" ">
   <subfield code="a">Text</subfield>
   <subfield code="b">txt</subfield>
   <subfield code="2">rdacontent</subfield>
  </datafield>
  <datafield tag="336" ind1=" " ind2=" ">
   <subfield code="a">unbewegtes Bild</subfield>
   <subfield code="b">sti</subfield>
   <subfield code="2">rdacontent</subfield>
  </datafield>
  <datafield tag="337" ind1=" " ind2=" ">
   <subfield code="a">ohne Hilfsmittel zu benutzen</subfield>
   <subfield code="b">n</subfield>
   <subfield code="2">rdamedia</subfield>
  </datafield>
  <datafield tag="338" ind1=" " ind2=" ">
   <subfield code="a">Band</subfield>
   <subfield code="b">nc</subfield>
   <subfield code="2">rdacarrier</subfield>
  </datafield>
  <datafield tag="500" ind1=" " ind2=" ">
   <subfield code="a">Literaturverz.S. 270 - 275</subfield>
  </datafield>
  <datafield tag="583" ind1="1" ind2=" ">
   <subfield code="a">Archivierung/Langzeitarchivierung gewährleistet</subfield>
   <subfield code="f">PEBW</subfield>
   <subfield code="x">XA-DE-BW</subfield>
   <subfield code="2">pdager</subfield>
   <subfield code="5">DE-24</subfield>
  </datafield>
  <datafield tag="583" ind1="1" ind2=" ">
   <subfield code="a">Archivierung/Langzeitarchivierung gewährleistet</subfield>
   <subfield code="f">SSG</subfield>
   <subfield code="x">XA-DE-BW</subfield>
   <subfield code="2">pdager</subfield>
   <subfield code="5">DE-16</subfield>
  </datafield>
  <datafield tag="600" ind1="1" ind2="7">
   <subfield code="0">(DE-588)118508210</subfield>
   <subfield code="0">(DE-627)189527722</subfield>
   <subfield code="0">(DE-576)160220440</subfield>
   <subfield code="a">Beckmann, Max</subfield>
   <subfield code="d">1884-1950</subfield>
   <subfield code="2">gnd</subfield>
  </datafield>
  <datafield tag="648" ind1=" " ind2="7">
   <subfield code="a">Geschichte 1947-1950</subfield>
   <subfield code="2">gnd</subfield>
  </datafield>
  <datafield tag="650" ind1="0" ind2="7">
   <subfield code="0">(DE-588)4037220-0</subfield>
   <subfield code="0">(DE-627)10623871X</subfield>
   <subfield code="0">(DE-576)209022892</subfield>
   <subfield code="a">Malerei</subfield>
   <subfield code="2">gnd</subfield>
  </datafield>
  <datafield tag="651" ind1=" " ind2="7">
   <subfield code="0">(DE-588)4078704-7</subfield>
   <subfield code="0">(DE-627)106076612</subfield>
   <subfield code="0">(DE-576)209209682</subfield>
   <subfield code="a">USA</subfield>
   <subfield code="2">gnd</subfield>
  </datafield>
  <datafield tag="653" ind1=" " ind2=" ">
   <subfield code="a">Beckmann, Max</subfield>
  </datafield>
  <datafield tag="653" ind1=" " ind2=" ">
   <subfield code="a">Hardback</subfield>
  </datafield>
  <datafield tag="653" ind1=" " ind2=" ">
   <subfield code="a">Klassische Moderne</subfield>
  </datafield>
  <datafield tag="653" ind1=" " ind2=" ">
   <subfield code="a">Malerei</subfield>
  </datafield>
  <datafield tag="653" ind1=" " ind2=" ">
   <subfield code="a">classical modern art</subfield>
  </datafield>
  <datafield tag="653" ind1=" " ind2=" ">
   <subfield code="a">painting</subfield>
  </datafield>
  <datafield tag="655" ind1=" " ind2="7">
   <subfield code="a">Ausstellungskatalog</subfield>
   <subfield code="y">2011</subfield>
   <subfield code="z">Frankfurt, Main</subfield>
   <subfield code="0">(DE-588)4135467-9</subfield>
   <subfield code="0">(DE-627)10566491X</subfield>
   <subfield code="0">(DE-576)209660988</subfield>
   <subfield code="2">gnd-content</subfield>
  </datafield>
  <datafield tag="655" ind1=" " ind2="7">
   <subfield code="a">Ausstellungskatalog</subfield>
   <subfield code="x">Städelsches Kunstinstitut und Städtische Galerie</subfield>
   <subfield code="y">07.10.2011-08.01.2012</subfield>
   <subfield code="0">(DE-588)4135467-9</subfield>
   <subfield code="0">(DE-627)10566491X</subfield>
   <subfield code="0">(DE-576)209660988</subfield>
   <subfield code="2">gnd-content</subfield>
  </datafield>
  <datafield tag="655" ind1=" " ind2="7">
   <subfield code="a">Bildband</subfield>
   <subfield code="0">(DE-588)4145395-5</subfield>
   <subfield code="0">(DE-627)104450835</subfield>
   <subfield code="0">(DE-576)209741139</subfield>
   <subfield code="2">gnd-content</subfield>
  </datafield>
  <datafield tag="655" ind1=" " ind2="7">
   <subfield code="a">Ausstellungskatalog</subfield>
   <subfield code="x">Städel Museum</subfield>
   <subfield code="y">07.10.2011-08.01.2012</subfield>
   <subfield code="z">Frankfurt am Main</subfield>
   <subfield code="0">(DE-588)4135467-9</subfield>
   <subfield code="0">(DE-627)10566491X</subfield>
   <subfield code="0">(DE-576)209660988</subfield>
   <subfield code="2">gnd-content</subfield>
  </datafield>
  <datafield tag="689" ind1="0" ind2="0">
   <subfield code="d">p</subfield>
   <subfield code="0">(DE-588)118508210</subfield>
   <subfield code="0">(DE-627)189527722</subfield>
   <subfield code="0">(DE-576)160220440</subfield>
   <subfield code="a">Beckmann, Max</subfield>
   <subfield code="d">1884-1950</subfield>
   <subfield code="2">gnd</subfield>
  </datafield>
  <datafield tag="689" ind1="0" ind2="1">
   <subfield code="d">g</subfield>
   <subfield code="0">(DE-588)4078704-7</subfield>
   <subfield code="0">(DE-627)106076612</subfield>
   <subfield code="0">(DE-576)209209682</subfield>
   <subfield code="a">USA</subfield>
   <subfield code="2">gnd</subfield>
  </datafield>
  <datafield tag="689" ind1="0" ind2="2">
   <subfield code="d">s</subfield>
   <subfield code="0">(DE-588)4037220-0</subfield>
   <subfield code="0">(DE-627)10623871X</subfield>
   <subfield code="0">(DE-576)209022892</subfield>
   <subfield code="a">Malerei</subfield>
   <subfield code="2">gnd</subfield>
  </datafield>
  <datafield tag="689" ind1="0" ind2="3">
   <subfield code="a">z</subfield>
   <subfield code="2">gnd</subfield>
   <subfield code="a">Geschichte 1947-1950</subfield>
  </datafield>
  <datafield tag="689" ind1="0" ind2=" ">
   <subfield code="5">DE-101</subfield>
  </datafield>
  <datafield tag="689" ind1="1" ind2="0">
   <subfield code="d">g</subfield>
   <subfield code="0">(DE-588)4001670-5</subfield>
   <subfield code="0">(DE-627)106396161</subfield>
   <subfield code="0">(DE-576)208843884</subfield>
   <subfield code="a">Amerika</subfield>
   <subfield code="2">gnd</subfield>
  </datafield>
  <datafield tag="689" ind1="1" ind2="1">
   <subfield code="d">p</subfield>
   <subfield code="0">(DE-588)118508210</subfield>
   <subfield code="0">(DE-627)189527722</subfield>
   <subfield code="0">(DE-576)160220440</subfield>
   <subfield code="a">Beckmann, Max</subfield>
   <subfield code="d">1884-1950</subfield>
   <subfield code="2">gnd</subfield>
  </datafield>
  <datafield tag="689" ind1="1" ind2=" ">
   <subfield code="5">(DE-627)</subfield>
  </datafield>
  <datafield tag="700" ind1="1" ind2=" ">
   <subfield code="a">Beckmann, Max</subfield>
   <subfield code="d">1884-1950</subfield>
   <subfield code="e">Ill.</subfield>
   <subfield code="0">(DE-588)118508210</subfield>
   <subfield code="0">(DE-627)189527722</subfield>
   <subfield code="0">(DE-576)160220440</subfield>
   <subfield code="4">ill</subfield>
  </datafield>
  <datafield tag="700" ind1="1" ind2=" ">
   <subfield code="a">Schütt, Jutta</subfield>
   <subfield code="d">1955-2016</subfield>
   <subfield code="e">Hrsg.</subfield>
   <subfield code="0">(DE-588)114328811</subfield>
   <subfield code="0">(DE-627)584886837</subfield>
   <subfield code="0">(DE-576)173024645</subfield>
   <subfield code="4">edt</subfield>
  </datafield>
  <datafield tag="700" ind1="1" ind2=" ">
   <subfield code="a">Anfam, David</subfield>
   <subfield code="d">1955-2024</subfield>
   <subfield code="0">(DE-588)142891177</subfield>
   <subfield code="0">(DE-627)640561535</subfield>
   <subfield code="0">(DE-576)168379104</subfield>
   <subfield code="4">oth</subfield>
  </datafield>
  <datafield tag="700" ind1="1" ind2=" ">
   <subfield code="a">Ripplinger, Stefan</subfield>
   <subfield code="d">1962-</subfield>
   <subfield code="0">(DE-588)122845072</subfield>
   <subfield code="0">(DE-627)588713503</subfield>
   <subfield code="0">(DE-576)301355568</subfield>
   <subfield code="4">oth</subfield>
  </datafield>
  <datafield tag="710" ind1="2" ind2=" ">
   <subfield code="a">Städel Museum</subfield>
   <subfield code="0">(DE-588)5313082-0</subfield>
   <subfield code="0">(DE-627)265459915</subfield>
   <subfield code="0">(DE-576)197493009</subfield>
   <subfield code="4">oth</subfield>
  </datafield>
  <datafield tag="711" ind1="2" ind2=" ">
   <subfield code="a">Ausstellung Beckmann &amp; Amerika</subfield>
   <subfield code="d">2011 - 2012</subfield>
   <subfield code="c">Frankfurt, Main</subfield>
   <subfield code="0">(DE-588)16326522-7</subfield>
   <subfield code="0">(DE-627)670178136</subfield>
   <subfield code="0">(DE-576)35172088X</subfield>
   <subfield code="4">oth</subfield>
  </datafield>
  <datafield tag="776" ind1="0" ind2="8">
   <subfield code="i">Engl. Ausg. u.d.T.</subfield>
   <subfield code="t">Beckmann &amp; America</subfield>
   <subfield code="d">Ostfildern : Hatje Cantz, 2011</subfield>
   <subfield code="h">280 S.</subfield>
   <subfield code="w">(DE-627)654289069</subfield>
   <subfield code="w">(DE-576)352284978</subfield>
   <subfield code="z">9783775729840</subfield>
   <subfield code="z">9783775729857</subfield>
  </datafield>
  <datafield tag="787" ind1="0" ind2="8">
   <subfield code="i">Rezensiert in</subfield>
   <subfield code="a">Gispert, Marie, 1978 - </subfield>
   <subfield code="t">[Rezension von: Beckmann &amp; Amerika, Städel Museum, Frankfurt am Main - Max Beckmann. Die Landschaften, Kunstmuseum, Basel - Max Beckmann - von Angesicht zu Angesicht, Museum der bildenden Künste, Leipzig]</subfield>
   <subfield code="d">2013</subfield>
   <subfield code="w">(DE-627)187849693X</subfield>
  </datafield>
  <datafield tag="787" ind1="0" ind2="8">
   <subfield code="i">Rezensiert in</subfield>
   <subfield code="t">Der unbekannte Beckmann</subfield>
   <subfield code="d">2012</subfield>
   <subfield code="w">(DE-627)1445439654</subfield>
   <subfield code="w">(DE-576)37543965X</subfield>
  </datafield>
  <datafield tag="787" ind1="0" ind2="8">
   <subfield code="i">Rezensiert in</subfield>
   <subfield code="t">Drei Ausstellungen</subfield>
   <subfield code="d">2012</subfield>
   <subfield code="w">(DE-627)1452509654</subfield>
   <subfield code="w">(DE-576)38250965X</subfield>
  </datafield>
  <datafield tag="856" ind1="4" ind2="2">
   <subfield code="u">http://deposit.dnb.de/cgi-bin/dokserv?id=3683963&amp;prov=M&amp;dok_var=1&amp;dok_ext=htm</subfield>
   <subfield code="m">X:MVB</subfield>
   <subfield code="q">text/html</subfield>
   <subfield code="x">Verlag</subfield>
   <subfield code="3">Inhaltstext</subfield>
   <subfield code="7">1</subfield>
  </datafield>
  <datafield tag="856" ind1="4" ind2="2">
   <subfield code="u">http://d-nb.info/1010500643/04</subfield>
   <subfield code="m">B:DE-101</subfield>
   <subfield code="q">application/pdf</subfield>
   <subfield code="3">Inhaltsverzeichnis</subfield>
   <subfield code="7">1</subfield>
  </datafield>
  <datafield tag="856" ind1="4" ind2="2">
   <subfield code="u">http://www.titel-magazin.de/artikel/167/10328/beckmann-und-amerika---im-frankfurter-städel-museum.html</subfield>
   <subfield code="x">Verlag</subfield>
   <subfield code="3">Rezension</subfield>
   <subfield code="7">1</subfield>
  </datafield>
  <datafield tag="935" ind1=" " ind2=" ">
   <subfield code="i">Blocktest</subfield>
  </datafield>
  <datafield tag="936" ind1="r" ind2="v">
   <subfield code="a">LI 14300</subfield>
   <subfield code="b">Werkverzeichnisse, Ausstellungskataloge. Personalbibliografien</subfield>
   <subfield code="k">Kunstgeschichte</subfield>
   <subfield code="k">Künstler-Monografien</subfield>
   <subfield code="k">Alphabetische Künstlerliste</subfield>
   <subfield code="k">Künstler B</subfield>
   <subfield code="k">Beckmann, Max (bis 14310)</subfield>
   <subfield code="k">Werkverzeichnisse, Ausstellungskataloge. Personalbibliografien</subfield>
   <subfield code="0">(DE-627)1270641816</subfield>
   <subfield code="0">(DE-625)rvk/95559:13278</subfield>
   <subfield code="0">(DE-576)200641816</subfield>
  </datafield>
  <datafield tag="936" ind1="b" ind2="k">
   <subfield code="a">20.31</subfield>
   <subfield code="j">Bildende Künstler</subfield>
   <subfield code="0">(DE-627)181571080</subfield>
  </datafield>
  <datafield tag="936" ind1="b" ind2="k">
   <subfield code="a">21.02</subfield>
   <subfield code="j">Geschichte der Malerei</subfield>
   <subfield code="0">(DE-627)106406698</subfield>
  </datafield>
  <datafield tag="936" ind1="s" ind2="n">
   <subfield code="a">l300</subfield>
   <subfield code="2">mzub</subfield>
  </datafield>
  <datafield tag="951" ind1=" " ind2=" ">
   <subfield code="a">BO</subfield>
  </datafield>
  <datafield tag="990" ind1=" " ind2=" ">
   <subfield code="a">Beckmann, Max</subfield>
  </datafield>
  <datafield tag="990" ind1=" " ind2=" ">
   <subfield code="a">USA</subfield>
  </datafield>
  <datafield tag="990" ind1=" " ind2=" ">
   <subfield code="a">Malerei</subfield>
  </datafield>
  <datafield tag="990" ind1=" " ind2=" ">
   <subfield code="a">Geschichte 1947-1950</subfield>
  </datafield>
  <datafield tag="990" ind1=" " ind2=" ">
   <subfield code="a">Amerika</subfield>
  </datafield>
  <datafield tag="990" ind1=" " ind2=" ">
   <subfield code="a">Beckmann, Max</subfield>
  </datafield>
  <datafield tag="991" ind1=" " ind2=" ">
   <subfield code="a">Rezensiertes Werk</subfield>
  </datafield>
  <datafield tag="999" ind1=" " ind2=" ">
   <subfield code="a">KXP-PPN654289050</subfield>
   <subfield code="e">4967728227</subfield>
  </datafield>
 </record>
</collection>
